[Event "Tournoi Skype 028B"]
[Site "Skype"]
[Date "????.??.??"]
[Round "3.49"]
[White "Conde, Abigail"]
[Black "Quispe, Alberto"]
[Result "0-1"]
[WhiteElo "1117"]
[BlackElo "1000"]
[PlyCount "84"]

1. d4 Nf6 2. Bf4 d5 3. c3 e6 4. e3 Bd7 5. Nd2 c5 6. Ngf3 Nc6 7. Bd3 c4 8. Be2
Be7 9. Qc2 b5 10. Ne5 h6 11. h3 a6 12. Ng4 Nh5 13. Nf3 Nxf4 14. exf4 Bd6 15. g3
f5 16. Nge5 Qf6 17. O-O-O a5 18. g4 fxg4 19. Nxg4 Qxf4+ 20. Kb1 Qf7 21. Rdf1 e5
22. Nfxe5 Nxe5 23. dxe5 Bf5 24. Bd3 Bxd3 25. Qxd3 cxd3 26. exd6 Qg6 27. Ne5
Qxd6 28. Nxd3 O-O 29. f4 Rf5 30. h4 d4 31. Re1 dxc3 32. Re3 cxb2 33. Rhe1 Rf6
34. Nxb2 Rd8 35. Rd3 Qf8 36. Rde3 Rxf4 37. Nd3 Rf1 38. h5 Rxe1+ 39. Rxe1 Rxd3
40. Rc1 Rd2 41. Rc2 Qf5 42. Kb2 Qxc2+ 0-1

[Event "Tournoi Skype 028B"]
[Site "Skype"]
[Date "????.??.??"]
[Round "3.50"]
[White "Conde, Ramon"]
[Black "Silva, Robson"]
[Result "0-1"]
[WhiteElo "1113"]
[BlackElo "1000"]
[PlyCount "58"]

1. d4 Nf6 2. Bf4 e6 3. Nc3 Bb4 4. e3 Bxc3+ 5. bxc3 O-O 6. Bd3 Nd5 7. c4 Nxf4 8.
exf4 c5 9. Nf3 Qa5+ 10. Kf1 cxd4 11. Ng5 h6 12. h4 hxg5 13. Bh7+ Kxh7 14. Qh5+
Kg8 15. hxg5 f6 16. Qh7+ Kf7 17. Qh5+ Kg8 18. Qh7+ Kf7 19. g6+ Ke8 20. Qxg7 Qc3
21. Rh7 Qxa1+ 22. Ke2 Nc6 23. Rh8 d3+ 24. Kxd3 Qd4+ 25. Ke2 Qxc4+ 26. Kd1 Qf1+
27. Kd2 Qxf2+ 28. Kc3 Qd4+ 29. Kb3 Qb4# 0-1

[Event "Tournoi Skype 028B"]
[Site "Skype"]
[Date "????.??.??"]
[Round "3.51"]
[White "Cengiz, Ali Ekber"]
[Black "Souza, Jeferson De Oliveira"]
[Result "1-0"]
[WhiteElo "1098"]
[BlackElo "1000"]
[PlyCount "55"]

1. e4 e5 2. Nf3 Nc6 3. Bc4 Bc5 4. Nc3 Nh6 5. h3 d6 6. a3 a6 7. d3 Qf6 8. Nd5
Qg6 9. Nxc7+ Kd8 10. Nxa8 Qxg2 11. Rf1 Nd4 12. Nxd4 Bxd4 13. Bxh6 gxh6 14. c3
Bxh3 15. cxd4 Qxf1+ 16. Kd2 Qxf2+ 17. Qe2 Qf4+ 18. Kc2 exd4 19. Rg1 b5 20. Bd5
Kd7 21. Kb1 Rc8 22. Nb6+ Kc7 23. Nxc8 Kxc8 24. Qc2+ Kd7 25. Qc6+ Ke7 26. Qc7+
Kf6 27. Qd8+ Ke5 28. Qe7+ 1-0

[Event "Tournoi Skype 028B"]
[Site "Skype"]
[Date "????.??.??"]
[Round "3.52"]
[White "Sosa, Juan Carlos"]
[Black "Martinez, Danny"]
[Result "1-0"]
[WhiteElo "1000"]
[BlackElo "1090"]
[PlyCount "111"]

1. d4 Nf6 2. Bf4 g6 3. Nc3 Bg7 4. e3 O-O 5. Qd2 d6 6. Nf3 Bf5 7. Be2 Nc6 8. h3
Nb4 9. Rc1 c6 10. e4 Nxe4 11. Nxe4 Nxa2 12. Ra1 Bxe4 13. Rxa2 Bd5 14. b3 Qb6
15. Bh6 Rfd8 16. Bxg7 Kxg7 17. Ng5 c5 18. c4 Bxg2 19. Rg1 Bc6 20. d5 Bd7 21.
Qc3+ Kg8 22. Bg4 h6 23. Bxd7 Rxd7 24. Ne6 f6 25. Rxg6+ Kf7 26. Rxh6 Rg8 27.
Rh7+ Ke8 28. Qf3 Rg1+ 29. Ke2 Rd8 30. Qh5+ Kd7 31. Nxd8 Qxb3 32. Qf5+ Kxd8 33.
Rc2 Qb1 34. Kf3 Qd1+ 35. Re2 Qb3+ 36. Re3 Qd1+ 37. Kf4 Qd4+ 38. Qe4 e5+ 39.
dxe6 Qe5+ 40. Qxe5 fxe5+ 41. Kf5 Rg8 42. e7+ Kd7 43. e8=Q+ Kxe8 44. Ke6 Rg6+
45. Kd5 Rf6 46. f3 Rf4 47. Kxd6 Rd4+ 48. Kxc5 b6+ 49. Kb5 a6+ 50. Kxa6 Rxc4 51.
Rxe5+ Kd8 52. Ree7 Ra4+ 53. Kxb6 Rb4+ 54. Kc6 Rc4+ 55. Kd5 Rc7 56. Rxc7 1-0

[Event "Tournoi Skype 028B"]
[Site "Skype"]
[Date "????.??.??"]
[Round "3.53"]
[White "Orellana, Claudia"]
[Black "Bucherie, Volcy"]
[Result "0-1"]
[WhiteElo "1000"]
[BlackElo "1336"]
[PlyCount "64"]

1. e4 c6 2. Bc4 d5 3. d4 dxc4 4. Nd2 Qxd4 5. Ngf3 Bg4 6. c3 Qd3 7. Qe2 Nd7 8.
Qxd3 cxd3 9. b3 g6 10. e5 e6 11. h3 Bxf3 12. gxf3 Nxe5 13. f4 Nd7 14. c4 Bg7
15. Ne4 Bxa1 16. Nd6+ Ke7 17. Nxb7 Bc3+ 18. Kd1 Ngf6 19. Ba3+ c5 20. f5 Ne4 21.
fxe6 Nxf2+ 22. Kc1 Nxh1 23. exd7 Kxd7 24. Bxc5 Kc6 25. Na5+ Kxc5 26. Nb7+ Kb4
27. a3+ Kxb3 28. Nc5+ Kxc4 29. Na4 Rhe8 30. Nxc3 Kxc3 31. Kb1 d2 32. Ka2 Rab8
0-1

[Event "Tournoi Skype 028B"]
[Site "Skype"]
[Date "????.??.??"]
[Round "3.54"]
[White "Baker, Abi"]
[Black "Cifuentes, Jorge Mario"]
[Result "0-1"]
[WhiteElo "1188"]
[BlackElo "1000"]
[PlyCount "24"]

1. c4 e5 2. e4 Nf6 3. d3 Be7 4. Be3 d6 5. Ne2 Ng4 6. Qb3 Nxe3 7. fxe3 Bg5 8. g3
Bxe3 9. Nbc3 Qf6 10. Nd5 Qf2+ 11. Kd1 Kd8 12. Nec3 Qd2# 0-1

[Event "Tournoi Skype 028B"]
[Site "Skype"]
[Date "????.??.??"]
[Round "3.55"]
[White "Reese, Evan"]
[Black "Jimenez Del Rosario, Alsis Raynely"]
[Result "1-0"]
[WhiteElo "1178"]
[BlackElo "1000"]
[PlyCount "49"]

1. d4 d5 2. Nf3 Nc6 3. b3 Nf6 4. Bb2 e6 5. Nbd2 a6 6. e3 Na5 7. Bd3 c5 8. O-O
c4 9. bxc4 Bd6 10. c5 Bc7 11. c4 Nxc4 12. Nxc4 dxc4 13. Bxc4 b5 14. cxb6 Bxb6
15. Re1 O-O 16. Ne5 Bb7 17. Bd3 Qd5 18. e4 Qd8 19. Ng4 Nxg4 20. Qxg4 Bxd4 21.
Bxd4 Qxd4 22. Qh3 Rad8 23. Rad1 Bxe4 24. Bxe4 Qxd1 25. Qxh7# 1-0

[Event "Tournoi Skype 028B"]
[Site "Skype"]
[Date "????.??.??"]
[Round "3.56"]
[White "Santamaria Garcia, Jesus"]
[Black "Parrales, Rodolfo"]
[Result "0-1"]
[WhiteElo "1022"]
[BlackElo "1000"]
[PlyCount "104"]

1. d4 d5 2. c4 Nf6 3. Bg5 Ne4 4. Bh4 c6 5. f3 Qa5+ 6. Nd2 Nd6 7. cxd5 cxd5 8.
e3 Nf5 9. Bf2 e6 10. Bd3 Be7 11. e4 dxe4 12. fxe4 Nh4 13. Bxh4 Bxh4+ 14. g3 Bf6
15. e5 Bxe5 16. dxe5 Qxe5+ 17. Ne2 Nc6 18. Nc4 Qd5 19. Ne3 Qa5+ 20. Nc3 Ne5 21.
Nc4 Nxc4 22. Bxc4 O-O 23. O-O Qc5+ 24. Rf2 Qxc4 25. Rd2 Qc5+ 26. Kg2 Qc6+ 27.
Kh3 e5+ 28. g4 Be6 29. Rd6 Bxg4+ 30. Kxg4 Qc4+ 31. Kf3 Rfe8 32. Ne4 f5 33. Nf2
e4+ 34. Kf4 e3+ 35. Rd4 Qc7+ 36. Kf3 exf2 37. Kxf2 Qxh2+ 38. Kf1 Qh1+ 39. Kf2
Qxd1 40. Raxd1 h5 41. Rd7 g5 42. R1d6 Rad8 43. Rxd8 Rxd8 44. Rxd8+ Kf7 45. Rd7+
Ke6 46. Rxb7 h4 47. Rxa7 g4 48. b4 g3+ 49. Kg2 f4 50. Kh3 f3 51. Rc7 f2 52. Rc8
f1=Q+ 0-1

[Event "Tournoi Skype 028B"]
[Site "Skype"]
[Date "????.??.??"]
[Round "3.57"]
[White "Ferreira Da Costa, Josafa"]
[Black "Luunge, Abdi"]
[Result "0-1"]
[WhiteElo "1000"]
[BlackElo "1320"]
[PlyCount "68"]

1. e4 e5 2. Nf3 c6 3. Nc3 d6 4. d4 exd4 5. Nxd4 Nf6 6. h3 a6 7. a4 c5 8. Nf3 h6
9. Bd3 Nbd7 10. Bf4 Qc7 11. Nd5 Nxd5 12. exd5 Nf6 13. c4 Be7 14. O-O O-O 15.
Qd2 Bd7 16. Rae1 Rfe8 17. Bh2 Bxa4 18. Re4 Nxe4 19. Bxe4 Bg5 20. Nxg5 hxg5 21.
Qxg5 Rxe4 22. Bg3 Rae8 23. f3 Re2 24. Qc1 Rc2 25. Qa1 Bb3 26. Re1 Ree2 27. Rxe2
Rxe2 28. Qc1 Qe7 29. Qc3 Qg5 30. f4 Qf5 31. Qxb3 Qb1+ 32. Kh2 Qf1 33. Qf3 Qxf3
34. h4 Qxg2# 0-1

[Event "Tournoi Skype 028B"]
[Site "Skype"]
[Date "????.??.??"]
[Round "3.58"]
[White "Codina, Teresa"]
[Black "Duenas Luna, Carlos Eduardo"]
[Result "1-0"]
[WhiteElo "1310"]
[BlackElo "1000"]
[PlyCount "43"]

1. d4 d5 2. Nf3 Nc6 3. Bf4 Bf5 4. e3 e6 5. Be2 Bd6 6. O-O Bxf4 7. exf4 Nb4 8.
Na3 Qd6 9. Qd2 Nf6 10. Bb5+ Nc6 11. Rfe1 Ne4 12. Qe3 a6 13. Ba4 Qb4 14. Bxc6+
bxc6 15. Qc1 Rb8 16. Rb1 Qd2 17. Nxd2 Nf6 18. Nf3 O-O 19. c4 Bxb1 20. Qxb1 Ne4
21. Ne5 Rb6 22. Nd7 1-0

[Event "Tournoi Skype 028B"]
[Site "Skype"]
[Date "????.??.??"]
[Round "3.59"]
[White "Battaglia, Gabriele"]
[Black "Guevara, Lizbeth"]
[Result "1-0"]
[WhiteElo "1245"]
[BlackElo "1000"]
[PlyCount "93"]

1. Nf3 g6 2. g3 Nf6 3. Bg2 Bg7 4. O-O d6 5. d3 e5 6. c3 O-O 7. Qc2 b6 8. Bg5
Nbd7 9. Nbd2 c5 10. Nxe5 Nxe5 11. Bxa8 Bh3 12. Bg2 Qd7 13. Bf4 Re8 14. Rfd1 g5
15. Bxg5 Qg4 16. Bf4 Qh5 17. d4 Bf5 18. e4 Neg4 19. h4 Nxe4 20. Nxe4 cxd4 21.
cxd4 Rc8 22. Qa4 Bf8 23. Nxd6 Bxd6 24. Bxd6 Rc2 25. Rac1 Rxf2 26. Bf4 Nf6 27.
d5 Qe2 28. Rd2 Rxg2+ 29. Kh1 Rh2+ 30. Kg1 Rg2+ 31. Kh1 Rh2+ 32. Kg1 Rg2+ 33.
Kh1 Be4 34. Rxe2 Rxe2+ 35. Kg1 Rg2+ 36. Kf1 Bd3+ 37. Kxg2 Be4+ 38. Kf2 Ng4+ 39.
Kg1 Nf6 40. d6 Kg7 41. Be5 Kg6 42. Bxf6 Kxf6 43. Qxe4 a6 44. Rf1+ Kg7 45. Qe7
Kh6 46. Rf5 f6 47. Qxf6# 1-0

[Event "Tournoi Skype 028B"]
[Site "Skype"]
[Date "????.??.??"]
[Round "3.60"]
[White "Fuentes, Francisco"]
[Black "Rivalta, Paolo"]
[Result "0-1"]
[WhiteElo "1000"]
[BlackElo "1101"]
[PlyCount "66"]

1. e4 e5 2. Nc3 Nf6 3. d3 Bc5 4. g3 O-O 5. Nf3 Ng4 6. h3 Nxf2 7. Qd2 Nxh1 8.
Bg2 Nxg3 9. Nxe5 d6 10. Nc4 Nc6 11. Qe3 Bxe3 12. Bxe3 Re8 13. O-O-O Be6 14. e5
Bxc4 15. dxc4 Nxe5 16. Bf4 Nxc4 17. Bxg3 c6 18. a3 Qb6 19. b3 Qe3+ 20. Rd2 Qxg3
21. bxc4 a5 22. Nd1 Re1 23. a4 Ra6 24. Kb2 b5 25. cxb5 cxb5 26. Bb7 Rb6 27. Bd5
b4 28. c3 bxc3+ 29. Kc2 cxd2 30. Kxd2 Rb1 31. Ba2 Rexd1+ 32. Kc2 Qf2+ 33. Kc3
Qd4+ 0-1

[Event "Tournoi Skype 028B"]
[Site "Skype"]
[Date "????.??.??"]
[Round "3.61"]
[White "Schnell, Nicolas"]
[Black "Manvatkar, Kamlesh"]
[Result "1/2-1/2"]
[WhiteElo "1099"]
[BlackElo "1000"]
[PlyCount "55"]

1. e4 e5 2. Nf3 Nc6 3. Bc4 Nf6 4. Nc3 Nxe4 5. Nxe4 d5 6. Bd3 dxe4 7. Bxe4 Bc5
8. d3 O-O 9. Ng5 Be7 10. Bxh7+ Kh8 11. Qh5 Bxg5 12. Bg6+ Bh6 13. Bxh6 fxg6 14.
Qxg6 gxh6 15. Qxh6+ Kg8 16. O-O Qf6 17. Qg5+ Qg7 18. Qh4 Rf6 19. f3 Rh6 20. Qf2
Bh3 21. g3 Bxf1 22. Rxf1 Nd4 23. f4 Rf8 24. Re1 Rhf6 25. Rxe5 Rxf4 26. Qe3 Rf1+
27. Kg2 R8f2+ 28. Kh3 1/2-1/2

[Event "Tournoi Skype 028B"]
[Site "Skype"]
[Date "????.??.??"]
[Round "3.62"]
[White "Huerta, Jesus"]
[Black "Ramirez, Luis Antonio"]
[Result "1-0"]
[WhiteElo "1000"]
[BlackElo "1075"]
[PlyCount "77"]

1. d4 d5 2. c4 Nf6 3. Nc3 g6 4. Nf3 Nc6 5. h3 a6 6. Bf4 Bg7 7. e3 O-O 8. Bd3
Bd7 9. Qc2 Nb4 10. Qb1 Nxd3+ 11. Qxd3 Bf5 12. Qd2 Ne4 13. Nxe4 Bxe4 14. c5 b6
15. c6 h6 16. Rc1 g5 17. Bg3 Bh7 18. Ne5 Re8 19. f4 f6 20. Nd7 Bf5 21. Nxb6
cxb6 22. fxg5 hxg5 23. O-O Rc8 24. Rxf5 e6 25. Rf3 Re7 26. e4 e5 27. dxe5 fxe5
28. Qxg5 Qe8 29. exd5 e4 30. Rf6 Rf7 31. Re6 Qf8 32. d6 Re8 33. c7 Rxe6 34.
c8=Q Rf1+ 35. Rxf1 Qxc8 36. Qg4 Qe8 37. Rd1 Rg6 38. d7 Bf6 39. dxe8=Q+ 1-0

[Event "Tournoi Skype 028B"]
[Site "Skype"]
[Date "????.??.??"]
[Round "3.63"]
[White "Latterra, Jeremias"]
[Black "Marty, Yvette"]
[Result "1-0"]
[WhiteElo "1065"]
[BlackElo "1000"]
[PlyCount "37"]

1. e4 e6 2. Nf3 d5 3. Nc3 Nc6 4. exd5 exd5 5. d4 Nb4 6. Bg5 Be7 7. Ne5 f6 8.
Qh5+ g6 9. Nxg6 hxg6 10. Qxh8 Be6 11. O-O-O Qd6 12. Bb5+ c6 13. Be2 Kd7 14. Be3
c5 15. Bb5+ Kc7 16. a3 cxd4 17. Rxd4 a6 18. Rxb4 axb5 19. Rxb5 1-0

[Event "Tournoi Skype 028B"]
[Site "Skype"]
[Date "????.??.??"]
[Round "3.64"]
[White "Martins, Rodrigo Baldo"]
[Black "Tolaro, Filippa"]
[Result "0-1"]
[WhiteElo "1000"]
[BlackElo "1065"]
[PlyCount "76"]

1. d4 d5 2. Nc3 c6 3. Bf4 Nf6 4. Bxb8 Rxb8 5. e3 Bg4 6. f3 Bf5 7. g4 Bg6 8. Qd2
e6 9. O-O-O Bd6 10. Nb5 cxb5 11. Bxb5+ Nd7 12. Re1 O-O 13. e4 dxe4 14. fxe4 a6
15. Bd3 Nb6 16. Nf3 Nd7 17. h4 h5 18. Rhg1 Qb6 19. b3 Bb4 20. Qg5 Bxe1 21. Rxe1
hxg4 22. Qxg4 Nf6 23. Qf4 Rbc8 24. Re2 Rfd8 25. Qe5 Qd6 26. Qg5 Qa3+ 27. Kb1
Rd6 28. c4 Bxe4 29. Bxe4 Nxe4 30. Qg4 Nc3+ 31. Ka1 Nxe2 32. Qe4 Qc1+ 33. Qb1
Qc3+ 34. Qb2 Qxf3 35. a4 Rxd4 36. Qxd4 Nxd4 37. Kb2 Nxb3 38. Ka3 Na5+ 0-1

[Event "Tournoi Skype 028B"]
[Site "Skype"]
[Date "????.??.??"]
[Round "3.65"]
[White "Schuh, David"]
[Black "Mira Poveda, Jose Antonio"]
[Result "0-1"]
[WhiteElo "1057"]
[BlackElo "1000"]
[PlyCount "114"]

1. e4 e5 2. Bc4 Nf6 3. Nf3 g6 4. Ng5 d5 5. exd5 Nxd5 6. d3 Bg7 7. Qf3 Be6 8.
Nc3 O-O 9. Bxd5 Bxd5 10. Nxd5 Nd7 11. O-O f6 12. Ne6 e4 13. dxe4 Qe8 14. Nxg7
Kxg7 15. Nxc7 Qe6 16. Nxa8 Ne5 17. Qe3 Ng4 18. Qd2 f5 19. Nc7 Qe5 20. Qc3 fxe4
21. Qxe5+ Nxe5 22. Re1 Ng4 23. Rxe4 Nxf2 24. Rf4 Nh3+ 25. Kf1 Nxf4 26. Bxf4
Rxf4+ 27. Kg1 Rc4 28. Ne6+ Kh6 29. Rc1 g5 30. c3 Kh5 31. Re1 h6 32. Re3 Ra4 33.
a3 g4 34. h3 Kg6 35. hxg4 Rxg4 36. Rf3 Re4 37. Nf4+ Kg5 38. g3 Kg4 39. Kg2 h5
40. b4 b5 41. a4 bxa4 42. Nd3 Re2+ 43. Nf2+ Kg5 44. Kh3 a3 45. Nd3 a2 46. Rf1
Re3 47. Rd1 h4 48. Kg2 Rxg3+ 49. Kh2 Rxd3 50. Ra1 Rd2+ 51. Kh3 Rd3+ 52. Kg2 h3+
53. Kh2 Rd2+ 54. Kxh3 Kf4 55. c4 Kf3 56. c5 Rd7 57. Rxa2 Rh7# 0-1

[Event "Tournoi Skype 028B"]
[Site "Skype"]
[Date "????.??.??"]
[Round "3.66"]
[White "Nakamura, Seiichi"]
[Black "Torres, Vicky"]
[Result "0-1"]
[WhiteElo "1000"]
[BlackElo "1055"]
[PlyCount "74"]

1. d4 d5 2. Bf4 e6 3. Nf3 Bd6 4. e3 Bxf4 5. exf4 Nf6 6. Ne5 a6 7. Bd3 O-O 8.
O-O Bd7 9. Re1 Nc6 10. c3 Ne7 11. Nd2 Nf5 12. Bxf5 exf5 13. Nxd7 Nxd7 14. Nf3
c6 15. Ne5 Nf6 16. f3 Rb8 17. a4 Qb6 18. b4 Qc7 19. Qc2 g6 20. b5 axb5 21. axb5
cxb5 22. Qb3 Rfc8 23. Re3 Ra8 24. Rxa8 Rxa8 25. Qxb5 Kg7 26. h3 Rd8 27. c4 dxc4
28. Qxc4 Qxc4 29. Nxc4 Rxd4 30. Na5 Nd5 31. Re5 Nxf4 32. Nxb7 Rd1+ 33. Kh2 Rd2
34. Kg3 Nxg2 35. Nc5 f4+ 36. Kg4 h5+ 37. Kg5 f6# 0-1

[Event "Tournoi Skype 028B"]
[Site "Skype"]
[Date "????.??.??"]
[Round "3.67"]
[White "Quiel, Aristoteles"]
[Black "Gagnon, Sindy"]
[Result "1-0"]
[WhiteElo "1000"]
[BlackElo "1043"]
[PlyCount "43"]

1. e4 Nc6 2. Nc3 e5 3. Bc4 Bc5 4. Nf3 Nh6 5. d4 Qe7 6. dxc5 Qxc5 7. Qd5 Qe7 8.
Bg5 Qd6 9. Qxd6 cxd6 10. Bxh6 gxh6 11. O-O-O Nd8 12. Rxd6 Rg8 13. g3 Rb8 14.
Nxe5 Rf8 15. Rxh6 f6 16. Nf3 b6 17. Rxh7 Rb7 18. Ba6 Rc7 19. Bxc8 Rxc8 20. Rd1
Rc7 21. Nd5 Rc5 22. Re7# 1-0

[Event "Tournoi Skype 028B"]
[Site "Skype"]
[Date "????.??.??"]
[Round "3.69"]
[White "Bland, Marilyn"]
[Black "Rodriguez, Gisselle"]
[Result "1-0"]
[WhiteElo "1000"]
[BlackElo "1000"]
[PlyCount "47"]

1. d4 d5 2. Nf3 Bf5 3. e3 e6 4. Be2 Bd6 5. O-O Ne7 6. Bd3 Qd7 7. Nbd2 O-O 8. e4
b5 9. exf5 Nxf5 10. b3 Nc6 11. Bxb5 a6 12. Ba4 Rfb8 13. c4 Rb4 14. Bxc6 Qxc6
15. cxd5 Qxd5 16. Re1 Re8 17. Nf1 Nxd4 18. a3 Rxb3 19. Ng5 Bb4 20. axb4 h6 21.
Ne4 Rxb4 22. Qg4 Nc2 23. Bxh6 Nxe1 24. Qxg7# 1-0

[Event "Tournoi Skype 028B"]
[Site "Skype"]
[Date "????.??.??"]
[Round "3.70"]
[White "Chamorro Cajina, Ivan Antonio"]
[Black "Rodriguez Tovar, Liliana"]
[Result "0-1"]
[WhiteElo "1000"]
[BlackElo "1000"]
[PlyCount "46"]

1. d4 d5 2. Nf3 e6 3. Nc3 Nf6 4. e4 Bb4 5. Bd2 h6 6. exd5 exd5 7. Qe2+ Be6 8.
O-O-O Nc6 9. Qb5 Rb8 10. Ne5 O-O 11. Na4 Bxd2+ 12. Rxd2 a6 13. Qe2 Nb4 14. c3
Nxa2+ 15. Kb1 b5 16. Kxa2 bxa4 17. Qxa6 Ra8 18. Qd3 Qb8 19. b4 axb3+ 20. Kb2
Ra2+ 21. Kc1 b2+ 22. Rxb2 Qxb2+ 23. Kd1 Ra1+ 0-1

[Event "Tournoi Skype 028B"]
[Site "Skype"]
[Date "????.??.??"]
[Round "3.71"]
[White "Rodgerson, Michael"]
[Black "Da Silva, Luis Carlos"]
[Result "0-1"]
[WhiteElo "1000"]
[BlackElo "1000"]
[PlyCount "38"]

1. e4 d6 2. Bc4 Nf6 3. Nc3 g6 4. Nf3 Bg7 5. d3 O-O 6. O-O a5 7. b4 axb4 8. Nd5
Nxd5 9. Bxd5 Bxa1 10. Bb2 Bxb2 11. Qb1 Bg7 12. a3 Ra7 13. Qa1 bxa3 14. Qxg7+
Kxg7 15. h4 b6 16. Rd1 Bb7 17. Be6 fxe6 18. Re1 a2 19. Ng5 Qd7 0-1

[Event "Tournoi Skype 028B"]
[Site "Skype"]
[Date "????.??.??"]
[Round "4.1"]
[White "Contreras, Leidy Tatiana"]
[Black "Escabias Perez, Miguel"]
[Result "1-0"]
[WhiteElo "1355"]
[BlackElo "1441"]
[PlyCount "81"]

1. e4 c5 2. Nf3 e6 3. d4 cxd4 4. Nxd4 Qc7 5. Nb5 Qd8 6. Bf4 Qf6 7. Nc7+ Kd8 8.
Bd6 Bxd6 9. Qxd6 Qxb2 10. Nxa8 Nh6 11. Be2 Qxa1 12. O-O Nc6 13. Rd1 Qe5 14. Qd2
Ke7 15. Na3 Qb8 16. Qg5+ Kf8 17. Nc4 f6 18. Qc5+ Ke8 19. Nd6+ Kd8 20. Bb5 Qxa8
21. Bxc6 bxc6 22. e5 Qb8 23. exf6 gxf6 24. Qh5 Kc7 25. Qxh6 Ba6 26. Qf4 e5 27.
Qxf6 Kb6 28. Qxe5 Qf8 29. Rb1+ Bb5 30. Nxb5 cxb5 31. Qxb5+ Kc7 32. Qb7+ Kd8 33.
Rd1 d6 34. c4 h5 35. c5 Qf6 36. Qb8+ Ke7 37. Re1+ Kd7 38. Qb7+ Kd8 39. Qa8+ Kd7
40. c6+ Kc7 41. Qb7+ 1-0

[Event "Tournoi Skype 028B"]
[Site "Skype"]
[Date "????.??.??"]
[Round "4.3"]
[White "Loaisiga, Jose Manuel"]
[Black "Loaisiga Perez, Carlos Alberto"]
[Result "1/2-1/2"]
[WhiteElo "1336"]
[BlackElo "1374"]
[PlyCount "37"]

1. d4 Nf6 2. c4 d6 3. Nc3 g6 4. e4 Bg7 5. Nf3 O-O 6. Be2 e5 7. dxe5 dxe5 8.
Qxd8 Rxd8 9. Nxe5 Nxe4 10. Nxe4 Bxe5 11. O-O Be6 12. Rb1 Nd7 13. b3 Nf6 14.
Nxf6+ Bxf6 15. Bb2 Bxb2 16. Rxb2 Rd4 17. Rd1 Rxd1+ 18. Bxd1 Rd8 19. Rb1 1/2-1/2

[Event "Tournoi Skype 028B"]
[Site "Skype"]
[Date "????.??.??"]
[Round "4.4"]
[White "Urda, Carlos Mario"]
[Black "Scata, Laura"]
[Result "1-0"]
[WhiteElo "1000"]
[BlackElo "1366"]
[PlyCount "75"]

1. c4 c6 2. Nc3 d5 3. cxd5 cxd5 4. g3 a6 5. Bg2 Nf6 6. d4 Bf5 7. Bg5 e6 8. a3
h6 9. Bxf6 Qxf6 10. e4 dxe4 11. Nxe4 Bxe4 12. Bxe4 Nc6 13. Bxc6+ bxc6 14. Nf3
Bd6 15. O-O O-O 16. Re1 c5 17. Ne5 cxd4 18. Nd7 Qd8 19. Nxf8 Bxf8 20. b4 Rc8
21. Rc1 Rxc1 22. Qxc1 Be7 23. Rd1 e5 24. Qc4 Qd6 25. a4 Qxb4 26. Qxa6 Qb3 27.
Rd3 Qb1+ 28. Kg2 Bb4 29. Qc8+ Kh7 30. Qf5+ g6 31. Qxf7+ Kh8 32. Rf3 Qe4 33. a5
Bxa5 34. Qf8+ Kh7 35. Kh3 g5 36. Rf7+ Kg6 37. Rf6+ Kh5 38. Qf7+ 1-0

[Event "Tournoi Skype 028B"]
[Site "Skype"]
[Date "????.??.??"]
[Round "4.5"]
[White "Cabrera Sosa, Marco Vinicio"]
[Black "Hernandez Lopez, Joaquin"]
[Result "1-0"]
[WhiteElo "1364"]
[BlackElo "1106"]
[PlyCount "63"]

1. e4 c5 2. f4 e6 3. Nf3 d6 4. g3 g6 5. Bg2 Bg7 6. d3 Ne7 7. O-O O-O 8. c3 Qb6
9. Qc2 Nec6 10. Nbd2 Nd7 11. Nc4 Qc7 12. Bd2 b5 13. Ne3 Bb7 14. Rac1 Qb6 15.
Ng4 f5 16. Nf2 Rab8 17. exf5 exf5 18. Ng5 Rfe8 19. Bd5+ Kh8 20. Nf7+ Kg8 21.
Ne5+ Kh8 22. Nxd7 Qd8 23. Nxb8 Qxb8 24. Rfe1 h5 25. Rxe8+ Qxe8 26. Re1 Qd7 27.
c4 Nb4 28. Bxb4 cxb4 29. Bxb7 Qxb7 30. Re8+ Kh7 31. Qe2 Bd4 32. Re7+ 1-0

[Event "Tournoi Skype 028B"]
[Site "Skype"]
[Date "????.??.??"]
[Round "4.6"]
[White "Yepez, German"]
[Black "Alarcon Alarcon, Florentina"]
[Result "0-1"]
[WhiteElo "1000"]
[BlackElo "1363"]
[PlyCount "82"]

1. e4 e5 2. Nf3 Nc6 3. Bc4 Be7 4. Nc3 Nf6 5. d4 d6 6. O-O O-O 7. h3 exd4 8.
Nxd4 Ne5 9. f4 Nxc4 10. b3 Nb6 11. f5 Bd7 12. Bf4 Bc6 13. Nxc6 bxc6 14. Qf3 h6
15. Rad1 Nfd7 16. e5 d5 17. Rd3 Bc5+ 18. Kh1 Re8 19. Qg3 Kh7 20. Re1 Nf8 21. e6
fxe6 22. Qg6+ Nxg6 23. fxg6+ Kxg6 24. Ne4 Bd6 25. Nxd6 cxd6 26. c3 e5 27. Bg3
Re6 28. Ree3 Nd7 29. Be1 Nc5 30. Rg3+ Kh7 31. Rd2 Rg6 32. Rf3 Qe7 33. g3 Rf8
34. Re3 Rgf6 35. Kg2 e4 36. Rde2 Qf7 37. g4 Rf3 38. b4 Nd3 39. Rxd3 Rxd3 40.
Rf2 Rf3 41. Re2 Rf1 0-1

[Event "Tournoi Skype 028B"]
[Site "Skype"]
[Date "????.??.??"]
[Round "4.7"]
[White "Le Bouill, Pierre"]
[Black "Junqueira, Leonardo De Faria"]
[Result "1/2-1/2"]
[WhiteElo "1252"]
[BlackElo "1408"]
[PlyCount "114"]

1. e4 d5 2. exd5 Qxd5 3. Nc3 Qa5 4. d3 c6 5. Bd2 Qc7 6. Nf3 Nf6 7. h3 Be6 8.
Be3 Nbd7 9. d4 Bd5 10. Nxd5 Nxd5 11. Qd2 e6 12. c3 Bd6 13. Bc4 N7f6 14. a3 Bf4
15. Bxf4 Nxf4 16. Rg1 N4d5 17. Bxd5 Nxd5 18. Ne5 f6 19. Nc4 O-O-O 20. O-O-O Nb6
21. Qe2 Rhe8 22. Nxb6+ Qxb6 23. Qc2 g6 24. Rge1 Qc7 25. g3 f5 26. Qb3 e5 27.
dxe5 Rxd1+ 28. Qxd1 Rxe5 29. Rxe5 Qxe5 30. f4 Qe3+ 31. Qd2 Qxg3 32. Qd4 Qe1+
33. Kc2 Qe2+ 34. Kb3 Qe6+ 35. Kc2 Qe7 36. Qxa7 Qe2+ 37. Kb3 Qd1+ 38. Ka2 Qd5+
39. Kb1 Qe4+ 40. Ka2 Qxf4 41. Qa8+ Kc7 42. Qa5+ Kd7 43. Qa7 Qc7 44. Qd4+ Qd6
45. Qg7+ Qe7 46. Qd4+ Kc7 47. Qf4+ Qd6 48. Qa4 Kd7 49. Qa7 Qd5+ 50. b3 Qd2+ 51.
Kb1 Qd1+ 52. Kb2 Qd2+ 53. Kb1 Kc7 54. Qa5+ Kc8 55. Qa8+ Kc7 56. Qa5+ Kd7 57.
Qb6 Qd1+ 1/2-1/2

[Event "Tournoi Skype 028B"]
[Site "Skype"]
[Date "????.??.??"]
[Round "4.8"]
[White "Tembhurnekar, Ritu"]
[Black "San Isidro, Josep"]
[Result "0-1"]
[WhiteElo "1198"]
[BlackElo "1406"]
[PlyCount "62"]

1. d4 Nf6 2. Bf4 d5 3. Nf3 e6 4. e3 Bd6 5. Ne5 O-O 6. c3 c5 7. Bd3 Nc6 8. O-O
Qc7 9. Nd2 Nxe5 10. Bxe5 Bxe5 11. dxe5 Qxe5 12. Nf3 Qc7 13. Re1 e5 14. e4 d4
15. Rc1 Qd6 16. cxd4 cxd4 17. Qd2 Be6 18. b4 Rac8 19. Rxc8 Rxc8 20. Rc1 a6 21.
Rxc8+ Bxc8 22. Qc2 Bd7 23. a4 h6 24. h3 Ne8 25. b5 a5 26. Nd2 b6 27. Bc4 Qc5
28. Qb3 Qe7 29. Nb1 Nc7 30. Nc3 dxc3 31. Qxc3 Be8 0-1

[Event "Tournoi Skype 028B"]
[Site "Skype"]
[Date "????.??.??"]
[Round "4.9"]
[White "Telles, Rigoberto"]
[Black "Bendre, Pankaj"]
[Result "0-1"]
[WhiteElo "1307"]
[BlackElo "1182"]
[PlyCount "66"]

1. e4 c5 2. Nf3 e6 3. Bc4 Nc6 4. O-O Qc7 5. c3 Nf6 6. d3 a6 7. h3 Be7 8. Be3
O-O 9. Re1 d5 10. exd5 exd5 11. Bb3 Be6 12. Bc2 h6 13. Nbd2 Rfd8 14. d4 c4 15.
Nf1 Nh5 16. Qb1 Nf6 17. Ng3 Bd6 18. Nf5 Bxf5 19. Bxf5 Ne7 20. Bd3 cxd3 21. Qxd3
Ng6 22. Qf5 Ne4 23. Rad1 Qd7 24. Qxd7 Rxd7 25. g3 Bc7 26. Kg2 Rd6 27. h4 Nf6
28. Kh3 Re8 29. g4 Rde6 30. b4 Re4 31. Rg1 Nf4+ 32. Bxf4 Rxf4 33. Rg3 Ne4 0-1

[Event "Tournoi Skype 028B"]
[Site "Skype"]
[Date "????.??.??"]
[Round "4.10"]
[White "Khatanhar, Mohit"]
[Black "Santos, Cleidilan"]
[Result "0-1"]
[WhiteElo "1266"]
[BlackElo "1000"]
[PlyCount "62"]

1. d4 d5 2. Nc3 Nf6 3. Nf3 Bg4 4. e3 e6 5. Be2 Bxf3 6. Bxf3 a6 7. a3 Nbd7 8. e4
dxe4 9. Nxe4 Nxe4 10. Bxe4 c6 11. c3 Be7 12. O-O Nf6 13. Bg5 Nxe4 14. Bxe7 Qxe7
15. Qg4 Nf6 16. Qxg7 O-O-O 17. b4 Rhg8 18. Qh6 Rg6 19. Qc1 Rdg8 20. g3 h5 21.
c4 h4 22. Re1 hxg3 23. fxg3 Nd7 24. d5 Nb6 25. dxc6 bxc6 26. b5 axb5 27. cxb5
c5 28. a4 Qd6 29. a5 Qd4+ 30. Kh1 Rxg3 31. axb6 Qd5+ 0-1

[Event "Tournoi Skype 028B"]
[Site "Skype"]
[Date "????.??.??"]
[Round "4.11"]
[White "Rodriguez, Nathalie"]
[Black "Vaswani, Manohar"]
[Result "0-1"]
[WhiteElo "1266"]
[BlackElo "1000"]
[PlyCount "52"]

1. d4 d5 2. Bf4 Nf6 3. Nc3 Bf5 4. e3 e6 5. Bb5+ c6 6. Bd3 Bg4 7. Nf3 Bb4 8. Be2
O-O 9. Qd2 Ne4 10. Qd1 Nxc3 11. bxc3 Bxc3+ 12. Nd2 Bxe2 13. Kxe2 Bxa1 14. Qxa1
Nd7 15. Qb2 b6 16. Nf3 h6 17. Ne5 c5 18. Nc6 Qf6 19. Bd6 Rfe8 20. Rd1 Nb8 21.
Be5 Qg5 22. Nxb8 Raxb8 23. dxc5 Rbc8 24. cxb6 axb6 25. g3 Qf5 26. Bxg7 Rxc2+
0-1